| 000 | 00336nam a22001217a 4500 | ||
|---|---|---|---|
| 008 | 230620b xxu||||| |||| 00| 0 eng d | ||
| 082 |
_a320.9 _bMAT |
||
| 100 | _cAlastair Matheson | ||
| 245 |
_aState of Emergency _bReporting Africa for half a Century |
||
| 260 |
_anairobi, Kenya _bMedia Matters _c1992 |
||
| 300 | _a216p | ||
| 942 |
_2ddc _cBK |
||
| 999 |
_c1608 _d1608 |
||